000248583 001__ 248583
000248583 005__ 20260201182748.0
000248583 022__ $$2(DE-600)3135859-7$$a2731-748X
000248583 022__ $$a1865-9659$$l1865-9659
000248583 022__ $$a1865-9667
000248583 022__ $$a2731-748X$$l2731-7498
000248583 022__ $$a2731-7498
000248583 0247_ $$2ZDBID$$aPERI:(DE-600)3130965-3
000248583 0247_ $$2ZDBPPN$$aZDPPN:1265147140
000248583 0247_ $$2EZBID$$aPERI:(DE-606)111838
000248583 0247_ $$2OCLC$$aOCLC:1344458152
000248583 0247_ $$2JCR$$aJCR:MKG-CHIRURGIE
000248583 0247_ $$2ISI$$aWOS:MKG-CHIRURGIE
000248583 035__ $$aPERI:(DE-600)3130965-3
000248583 040__ $$a1147$$bger$$cDE-101$$dJOIN²$$eJOIN² journal identification
000248583 041__ $$ager
000248583 044__ $$cXA-DE
000248583 082__ $$223sdnb$$a610$$qDE-101
000248583 08274 $$223sdnb$$a610$$qDE-101
000248583 222_0 $$2DE-600$$a˜Dieœ MKG-Chirurgie$$bOnline
000248583 24220 $$2DE-600$$aDie MKG-Chirurgie$$bOrgan der Deutschen Gesellschaft für Mund-, Kiefer- und Gesichtschirurgie$$yen
000248583 24220 $$2DE-600$$a˜Dieœ MKG-Chirurgie$$bOrgan der Deutschen Gesellschaft für Mund-, Kiefer- und Gesichtschirurgie
000248583 245__ $$2DE-600$$aDie MKG-Chirurgie$$bOrgan der Deutschen Gesellschaft für Mund-, Kiefer- und Gesichtschirurgie$$honline, print
000248583 2463_ $$2DE-600$$aDie MKG-Chirurgie
000248583 2463_ $$aDie MKG-Chirurgie
000248583 2463_ $$aMund-, Kiefer-, Gesicht-Chirurgie
000248583 2463_ $$aDer MKG-Chirurg
000248583 260__ $$a[Heidelberg]$$bSpringer Medizin$$c[2022]-
000248583 260_1 $$0Host:(DE-Juel1)11$$2DE-Juel1$$aSpringer
000248583 26431 $$a[Heidelberg]$$bSpringer Medizin$$c[2022]-
000248583 3620_ $$2DE-600$$aVolume 15, issue 3 (2022)-
000248583 36301 $$2DE-600$$81.1\x$$a15$$b3$$i2022
000248583 380__ $$2marcgt$$ajournal
000248583 500__ $$aAutomatically generated record. (Updated: 2025-11-10)
000248583 77608 $$2DE-600$$dBerlin ; Heidelberg  : Springer Medizin, [2022]-$$hBände$$iErscheint auch als$$nDruck-Ausgabe$$tDie MKG-Chirurgie$$w(DE-600)3135859-7$$x2731-748X
000248583 78000 $$2DE-600$$dBerlin ; Heidelberg [u.a.] : Springer, 2008-[2022]$$hOnline-Ressource$$iFortsetzung von$$tDer MKG-Chirurg$$w(DE-600)2475636-2$$x1865-9667
000248583 8564_ $$d0$$uhttp://link.springer.com/journal/12285$$yVerlag
000248583 8564_ $$d0$$uhttps://ezb.ur.de/?3130965-3$$yEZB
000248583 8801_ $$2DE-600$$aDie MKG-Chirurgie$$bOrgan der Deutschen Gesellschaft für Mund-, Kiefer- und Gesichtschirurgie
000248583 909CO $$ooai:juser.fz-juelich.de:913935$$pauthority$$pauthority:PERI
000248583 909CO $$ooai:juser.fz-juelich.de:913935
000248583 915__ $$0StatID:(DE-HGF)3002$$2StatID$$aDEAL Springer$$d2025-11-10$$wger
000248583 915__ $$0StatID:(DE-HGF)3002$$2StatID$$aDEAL Springer$$d2025-11-10$$wger
000248583 915__ $$0StatID:(DE-HGF)0100$$2StatID$$aJCR$$bMKG-CHIRURGIE : 2022$$d2025-11-10
000248583 915__ $$0StatID:(DE-HGF)0199$$2StatID$$aDBCoverage$$bClarivate Analytics Master Journal List$$d2025-11-10
000248583 915__ $$0StatID:(DE-HGF)0112$$2StatID$$aWoS$$bEmerging Sources Citation Index$$d2025-11-10
000248583 915__ $$0StatID:(DE-HGF)0150$$2StatID$$aDBCoverage$$bWeb of Science Core Collection$$d2025-11-10
000248583 915__ $$0StatID:(DE-HGF)9900$$2StatID$$aIF < 5$$d2025-11-10
000248583 980__ $$aPERI
000248583 980__ $$aAUTHORITY